| 000 | 01459ngm a2200277 a 4500 | ||
|---|---|---|---|
| 005 | 20220317001832.0 | ||
| 008 | 170410s2005 c g 000 0 s | ||
| 041 | _aspa | ||
| 082 | 0 | 4 |
_a551.7 _bD37p |
| 110 | 2 |
_aDiscovery Communications _977703 |
|
| 245 | 1 | 3 |
_aEl pasado catastrófico de la tierra _cDiscovery Communications _hvideodisco digital |
| 250 | _a1a. edición | ||
| 300 |
_a1 DVD (55 minutos) _bsonido, color _c12 cm |
||
| 490 | _aDiscovery Channel. Educación : Estudios sociales | ||
| 520 | _aLa tierra tiene un pasado violento, y quizás un futuro incierto. Nunca el planeta fue más violento que en su formación. A través de imágenes estupendas, descubra las fuerzas devastadoras que nos dejaron majestuosas montañas, vastos océanos y que destruyeron a los dinosaurios. Vea cómo los volcanes jugaron un papel muy importante en la creación de nuevas formas de vida. Este video examina las violentas fuerzas en acción, incluso hoy. Da un vistazo a la forma en que la tierra cambiará en el futuro | ||
| 650 | 1 | 4 |
_2LEMB _aEstructura interna de la tierra _vVideodiscos |
| 650 | 1 | 4 |
_2LEMB _aForma de la tierra _vVideodiscos |
| 650 | 1 | 4 |
_2LEMB _aGeología _vVideodiscos |
| 650 | 1 | 4 |
_2LEMB _aTierra _vVideodiscos |
| 942 |
_2ddc _cDVD |
||
| 264 |
_aBogotá _bMS Tv & Videos _c2005 |
||
| 336 |
_atexto _btxt _2rdacontent |
||
| 337 |
_asin mediación _bn _2rdamedia |
||
| 338 |
_avolumen _bnc _2rdacarrier |
||
| 040 |
_aCO-BoRNBP _bspa _erda _cCO-BoRNBP |
||
| 999 |
_c8255 _d8255 |
||